| 000 | 00396nam a22001457a 4500 | ||
|---|---|---|---|
| 005 | 20200604105851.0 | ||
| 008 | 200604b xxu||||| |||| 00| 0 eng d | ||
| 082 | _a345.4 AIR | ||
| 110 |
_aThe All India Reporter _95781 |
||
| 245 | _aThe All India Reporter1965 (V-52) PUNJAB Section | ||
| 260 |
_aBOMBAY _bThe All India Reporter Ltd. _c1965 |
||
| 300 | _a48p. | ||
| 650 |
_aLAW _95701 |
||
| 942 | _cJRL | ||
| 999 |
_c6806 _d6804 |
||